000 00528cam a22001934a 4500
005 20250605164159.0
008 250528s ||||||||||||||||||||||||d
035 _a19736
020 _a9603333778
040 _aGR-AtMCL
_bgre
_dGR-AtMCL
_eAACR2
245 1 _aΔΙΑΦΟΡΟΠΟΙΗΣΗ ΤΗΣ ΕΡΓΑΣΙΑΣ ΣΤΗΝ ΑΙΘΟΥΣΑ ΔΙΔΑΣΚΑΛΙΑΣ
250 _a1
260 _bΓρηγορης,
_c2004
300 _a210
700 1 _aTomlinson Carol Ann
_95938
942 _cBK
999 _c4992
_d4992